000 00414nam a22001697a 4500
003 OSt
005 20211224095225.0
008 211224b |||||||| |||| 00| 0 eng d
020 _a0256088551
040 _cHU
082 _a658
100 _aO,BRIEN,JAMERS. A
_924842
245 _aINTRODUTION TO INFORMATION SYSTEM IN MANAGEMENT
260 _aHOME WOOD
_bBOSTEN
_c1991
300 _a515
942 _2ddc
_cBOOKS
_n0
999 _c23897
_d23897